000 00362nam a2200145 i 4500
001 bg
100 1 _aWAWSZCZAK, Jan
245 0 _aElektrotechnika w zadaniach /
_cJ, Wawszczak, J. Adamkiewicz. Cz.1.
260 _aLublin,
_c1980.
700 1 _aADAMKIEWICZ, Jerzy
040 _cBPK
041 _apol
942 _cKS
008 s pl f |000 0 pol
999 _c19499
_d19499
856 _uhttp://koha.tu.koszalin.pl/cgi-bin/koha/opac-detail.pl?biblionumber=19499
_yKatalog online BPK